Unfinished and Far Far Away, The Architecture of Irving Smith Architects (Record no. 12702)

000 -LEADER
fixed length control field 00410 a2200157 4500
003 - CONTROL NUMBER IDENTIFIER
control field OSt
005 - DATE AND TIME OF LATEST TRANSACTION
control field 20240711194900.0
008 - FIXED-LENGTH DATA ELEMENTS--GENERAL INFORMATION
fixed length control field 240711b ||||| |||| 00| 0 eng d
020 ## - INTERNATIONAL STANDARD BOOK NUMBER
International Standard Book Number 9788412622249
082 ## - DEWEY DECIMAL CLASSIFICATION NUMBER
Classification number 720.92
100 ## - MAIN ENTRY--PERSONAL NAME
Personal name Aaron Betsky
245 ## - TITLE STATEMENT
Title Unfinished and Far Far Away, The Architecture of Irving Smith Architects
260 ## - PUBLICATION, DISTRIBUTION, ETC. (IMPRINT)
Name of publisher, distributor, etc Edicions Altrim S.L.
Date of publication, distribution, etc 2023
300 ## - PHYSICAL DESCRIPTION
Extent 158p;
942 ## - ADDED ENTRY ELEMENTS (KOHA)
Source of classification or shelving scheme
Holdings
Withdrawn status Lost status Source of classification or shelving scheme Damaged status Koha normalized classification for sorting Not for loan Permanent location Current location Date acquired Source of acquisition Cost, normal purchase price Full call number Barcode Date last seen Cost, replacement price Price effective from Koha item type
        720_920000000000000   BMS College of Architecture, Design and Planning BMS College of Architecture, Design and Planning 2024-07-11 1 1950.00 720.92 AR-UG3896 2024-07-11 2600.00 2024-07-11 B.PLAN
        720_920000000000000   BMS College of Architecture, Design and Planning BMS College of Architecture, Design and Planning 2024-07-11 1 1950.00 720.92 AR-UG3897 2024-07-11 2600.00 2024-07-11 B.PLAN
Copyright © 2025, The Librarian, Library and Information Centre, BMSCA D&P, Bengaluru. All Rights Reserved
web counter

Powered by Koha